Department for Constitutional Affairs (Record no. 119568)

MARC details
000 -LEADER
fixed length control field 00733cam a2200181 4500
001 - CONTROL NUMBER
control field L107583
008 - FIXED-LENGTH DATA ELEMENTS--GENERAL INFORMATION
fixed length control field 000000n 000 0 eng u
035 ## - SYSTEM CONTROL NUMBER
System control number (Sirsi) u107583
041 ## - LANGUAGE CODE
Language code of text/sound track or separate title eng
110 ## - MAIN ENTRY--CORPORATE NAME
Corporate name or jurisdiction name as entry element Department for Constitutional Affairs
9 (RLIN) 4754
245 ## - TITLE STATEMENT
Title Department for Constitutional Affairs
520 ## - SUMMARY, ETC.
Summary, etc. Web site detailing the work of this government department including links to pages on civil justice, legal aid, data protection, commonhold and civil procedure ruiles.
600 ## - SUBJECT ADDED ENTRY--PERSONAL NAME
Personal name PRE-ACTION PROTOCOL
650 ## - SUBJECT ADDED ENTRY--TOPICAL TERM
Topical term or geographic name entry element CIVIL PROCEDURE RULES
690 ## - LOCAL SUBJECT ADDED ENTRY--TOPICAL TERM (OCLC, RLIN)
Topical term or geographic name as entry element MANAGEMENT-DISPUTE AVOIDANCE, MANAGEMENT AND RESOLUTION
856 40 - ELECTRONIC LOCATION AND ACCESS
Uniform Resource Identifier <a href="https://www.dca.gov.uk">https://www.dca.gov.uk</a>
Public note View the website free of charge at www.dca.gov.uk...
942 ## - ADDED ENTRY ELEMENTS (KOHA)
Suppress in OPAC 0
Holdings
Withdrawn status Lost status Source of classification or shelving scheme Damaged status Not for loan Home library Current library Shelving location Date acquired Total Checkouts Full call number Barcode Date last seen Copy number Price effective from Koha item type
    Dewey Decimal Classification     Virtual Virtual Online 04/08/2000   WEBSITE 107583-2001 06/08/2019 1 06/08/2019 Online material